Cytaty polskich polityków. - Statystyki

Ogólne statystyki
  • Ten quiz został rozwiązany 847 razy
  • Średni wynik to 8 z 15
Statystyki odpowiedzi
Cytat Imię i nazwisko polityka % Poprawnych
"Jestem głęboko przekonany, że przyjdzie taki dzień, kiedy nam się uda, że będziemy mieli w Warszawie Budapeszt." Jarosław Kaczyński
91%
" Przypomnę strasznie dawne czasy. Wtedy, kiedy jeszcze były dinozaury, a ludzie nie mieli jeszcze żadnych strzelb, nie mieli broni nowoczesnej, która pozwoliłaby im je zabić. Wie pani, co robili? Rzucali kamieniami w tego dinozaura." Ewa Kopacz
76%
"Jak może istnieć ustrój, w którym dwóch meneli spod budki ma dwa głosy, a profesor uniwersytetu ma jeden głos? Trzeba być idiotą, żeby chcieć w takim ustroju żyć." Janusz Korwin-Mikke
70%
"Może wypiłem jeden kieliszek, a może dziesięć. Mam prawo robić co chcę, jestem wolnym człowiekiem. To są moi przyjaciele." Aleksander Kwaśniewski
68%
"Mnie można zabić, ale nie pokonać." Lech Wałęsa
65%
"Państwo coś wreszcie daje, a nie zabiera." Andrzej Duda
61%
"Kiedy wybieramy się na dalekie polowanie, ważne jest, żeby nasze domy, nasze żony i dzieci były bezpieczne. Wtedy poluje się lepiej." Bronisław Komorowski
61%
"(...)Odpowiem słowami wielkiego polskiego poety-Tuwima: Próżnoś repliki się spodziewał. Nie dam ci prztyczka ani klapsa, nie powiem nawet pies cię…, bo to mezalians byłby dla psa". Leszek Miller
55%
"Zwracam się do Was w sprawach wagi najwyższej. Ojczyzna nasza znalazła się nad przepaścią." Wojciech Jaruzelski
49%
"Sorry, taki mamy klimat." Elżbieta Bieńkowska
44%
"Ja też byłem w 8 - 4. Też byłem w podstawówce 8 lat, potem 4 lata w gimnazjum, ale z samego mieszania w szklance nie zmieni się słodkość herbaty. Tam nie ma cukru." Ryszard Petru
42%
"Lustracji chcemy całkowitej, chcemy dekomunizacji. Mówię to otwarcie – dekomunizacji, gdzie nawet pan premier Kaczyński w pewnym momencie wahał się i mówił: miałem takie wątpliwości, czy pan się na to zgodzi. Panie premierze, zgadzam się, ja dekomunizacji się nie boję absolutnie." Andrzej Lepper
35%
"Myśmy grali w piłkę, bo była przerwa, to wyjedliśmy cały szczaw z nasypu i wszystkie śliwki ulęgałki, mirabelki jedliśmy. Dzisiaj te wszystkie gruszki, śliwki leżą i nikt tego nie zbiera. Chłopaki grają w piłkę na tych samych boiskach, szczawiu nikt nie zjada." Stefan Niesiołowski
35%
"Głową muru nie przebijesz, ale jeśli zawiodły inne metody, należy spróbować i tej." Józef Piłsudski
18%
"Weszliśmy do polityki nie po to, żeby być politykami." Joanna Scheuring-Wielgus
15%
Nie znaleziono quizów pasujących do podanych kryteriów
Rozkład punktacji
Procent ludzi z każdym wynikiem
Percentyl według liczby udzielonych odpowiedzi
Twoja historia wyników
Nie rozwiązałeś tego quizu